[Event "Verbandsliga Sued Baden 1314"]
[Site "Germany"]
[Date "2014.02.02"]
[Round "5.7"]
[White "Vetter, Peter"]
[Black "Wehrle, Uwe"]
[Result "0-1"]
[WhiteElo "2033"]
[BlackElo "2071"]
[PlyCount "130"]
[EventDate "2013.10.20"]
[EventType "team-tourn"]
[EventRounds "9"]
[EventCountry "GER"]
[SourceTitle "EXT 2015"]
[Source "ChessBase"]
[SourceDate "2014.11.20"]
[SourceVersion "1"]
[SourceVersionDate "2014.11.20"]
[SourceQuality "1"]
[WhiteTeam "Offenburg"]
[BlackTeam "Horben"]
[WhiteTeamCountry "GER"]
[BlackTeamCountry "GER"]

1. d4 Nf6 2. c4 e6 3. Nf3 b6 4. g3 d5 5. cxd5 exd5 6. Nc3 Bd6 7. Bg2 0-0 8. 0-0 Re8 9. Bg5 c6 10. Rc1 h6 11. Be3 Bg4 12. Qd2 Kh7 13. Ne1 Qd7 14. f3 Bf5 15. Bf2 Bb4 16. Nd3 Bxc3 17. bxc3 Qe7 18. Rfe1 Nbd7 19. Nf4 Nf8 20. h3 g5 21. Nd3 Rac8 22. g4 Bg6 23. Ne5 N6d7 24. Nxd7 Qxd7 25. e4 Ne6 26. Bg3 f6 27. e5 f5 28. Bf1 Rf8 29. Bd3 Ng7 30. Qe2 Qe6 31. Rf1 f4 32. Bf2 b5 33. Kg2 Bxd3 34. Qxd3+ Qg6 35. Qxg6+ Kxg6 36. h4 Ne6 37. h5+ Kf7 38. Rfd1 Nc7 39. Rd2 Na8 40. Kf1 Nb6 41. Ke2 Nc4 42. Rdc2 Rb8 43. Be1 Rb6 44. Kd3 Rfb8 45. Ra1 Ra6 46. a3 Ra4 47. Rca2 Rb6 48. Bd2 Rba6 49. Bc1 Ke6 50. Kc2 c5 51. Kd3 cxd4 52. cxd4 Rc6 53. Rb1 a6 54. Rb4 Nxe5+ 55. dxe5 Rxc1 56. Rxa4 bxa4 57. Rb2 Ra1 58. Rb6+ Kxe5 59. Rxh6 Rxa3+ 60. Ke2 Kd4 61. Rxa6 Ra2+ 62. Kf1 Ke3 63. h6 Kxf3 64. Kg1 Kg3 65. Kf1 f3 0-1